| 000 | 00998nam a22002537a 4500 | ||
|---|---|---|---|
| 005 | 20170123164152.0 | ||
| 010 | _aB-109172 | ||
| 020 | _c150.00 | ||
| 035 | _aB-109172 | ||
| 037 | _bCen Lib / Ret | ||
| 040 |
_aDPL _bPN |
||
| 082 |
_a850.8 _bਬਲਦੇ |
||
| 100 |
_aਬਲਦੇਵ ਸਿੰਘ ਸੜਦਨਾਮਾ _951904 |
||
| 245 |
_aਸੜਕਨਾਮਾ : _cਬਲਦੇਵ ਸਿੰਘ ਸੜਦਨਾਮਾ _bਵਾਰਤਕ / |
||
| 246 |
_aSadaknama : fiction / _bby Baldev Singh Sadanama |
||
| 260 |
_aਲੁਧਿਆਣਾ _bਚੇਤਨਾ ਪ੍ਰਕਾਸ਼ਨ _c2004 |
||
| 270 |
_aਪੰਜਾਬੀ ਭਵਨ _bਲੁਧਿਆਣਾ |
||
| 300 |
_a301p. _c21cm(pbk) |
||
| 650 |
_a ਪੰਜਾਬੀ ਸਾਹਿਤ _9128528 |
||
| 650 |
_aਪੰਜਾਬੀ ਕਹਾਣੀਆਂ _9128529 |
||
| 650 |
_aPunjabi Literature -- Fiction _99827 |
||
| 650 |
_aਪੰਜਾਬੀ ਸਾਹਿਤ _9128530 |
||
| 942 |
_2ddc _cPN _h850.8 _mਬਲਦੇ |
||
| 999 |
_c110398 _d110398 |
||